LEADER 01376nam a2200289 i 4500 001 000000148255 003 CaOOAMICUS 005 20060404000000.0 008 060404s2005 it u000 u ita u 013 $a125570 020 $a88-7105-200-5 040 $aSeMil$bita 110 0 $aAssociazione teologica italiana.$0(OLS)http://semarc/name/324 245 13$aLa Chiesa e il Vaticano 2. :$bproblemi di ermeneutica e recezione conciliare /$cAssociazione teologica italiana ; a cura di Marco Vergottini. 260 $aMilano :$bGlossa,$c2005. 300 $aXVI, 365 p. ;$c21 cm. 490 0 $aForum ATI ;$v1 650 4$aConcilio Vaticano II <1962-1965> - Ecclesiologia.$0(OLS)http://semarc/subject/3017 650 4$aEcclesiologia.$0(OLS)http://semarc/subject/42996 650 4$aConcilio Vaticano II <1962-1965> - Ermeneutica.$0(OLS)http://semarc/subject/9781 700 1 $aVergottini, Marco,$d <1956- >.$0(OLS)http://semarc/name/3901 830 0$aForum ATI ;$v1.$0(OLS)http://semarc/title/11929 850 $aSeMil 852 $aSeMil$W1$xVenegono$y1$m2KA B 1$j229294$B100685$CSeMilBibl$Z2$F109372 $81 996 $6020$a88-7105-200-5$9(OLS)http://semarc/number/137112 996 $6245$aLa Chiesa e il Vaticano 2. :$bproblemi di ermeneutica e recezione conciliare$9(OLS)http://semarc/title/216704 996 $6260$aMilano :$bGlossa$9(OLS)http://semarc/publisher/29635 LEADER 00552nab a2200145 i 4500 001 000000316056 003 CaOOAMICUS 005 20180831173201.0 008 180831n xx uu u0 0und r 013 $a25139 040 $aSeMil$bita 100 1 $aMolinari, Franco,$d<1928-1991>.$0(OLS)http://semarc/name/14470 245 10$a[RECENSIONE DI: Turchini..., Clero e fedeli a Rimini in età..., 1978]. 773 0 $t[Gennaio-Dicembre].$g142-143$w()273998 996 $6245$a[RECENSIONE DI: Turchini..., Clero e fedeli a Rimini in età..., 1978]$9(OLS)http://semarc/title/390088 LEADER 01157nam a2200253 i 4500 001 000000140418 003 CaOOAMICUS 005 20260302110611.0 008 050616s1961 it u000 u ita u 040 $aSeMil$bita 100 1 $aCassier, Ernst,$d<1874-1945>.$0(OLS)http://semarc/name/56589 240 10$aSprache und Mythos :$bein Beitrag zum Problem der Götternamen.$0(OLS)http://semarc/title/458411 245 10$aLinguaggio e mito :$bcontributo al problema dei nomi degli dèi /$cErnst Cassier. 260 $aMilano :$bIl Saggiatore,$c1961. 300 $a133 p. ;$c19 cm. 490 0 $aBiblioteca delle Silerchie ;$v57. 650 4$aDivinità - Onomastica.$0(OLS)http://semarc/subject/1071 650 4$aMito.$0(OLS)http://semarc/subject/2342 830 0$aBiblioteca delle Silerchie ;$v57.$0(OLS)http://semarc/title/18248 850 $aSeMil 852 $aSeMil$W1$xVenegono$y1$m2R I 263$j93795$B93795$CSeMilBibl$Z2$F99190 $81 996 $6245$aLinguaggio e mito :$bcontributo al problema dei nomi degli dèi$9(OLS)http://semarc/title/205217 996 $6260$aMilano :$bIl Saggiatore$9(OLS)http://semarc/publisher/30255